| 000 | 00783nam a2200241Ia 4500 | ||
|---|---|---|---|
| 005 | 20211111074616.0 | ||
| 008 | 130821s2002 sp gr spa | ||
| 020 | _a8497320484 | ||
| 040 |
_aCo-BoUCM _bspa |
||
| 041 | 0 | 0 | _aspa |
| 060 |
_aQT 261 _25 |
||
| 100 | 1 |
_aBallesteros Massó, Rafael _9132837 |
|
| 245 | 1 | 0 |
_aTraumatología y medicina deportiva medicina del deporte _cRafael Ballesteros Massó |
| 260 |
_aMadrid (España) _bThomson Learning, Paraninfo _c2002 |
||
| 300 | _a391 páginas | ||
| 504 | _aIncluye bibliografía | ||
| 505 |
_gV.3 _bMedicina del deporte |
||
| 650 | 0 | 4 |
_aAccidentes deportivos _98317 |
| 650 | 0 | 4 |
_aDeportes _9388 |
| 650 | 0 | 4 |
_aMedicina deportiva _919146 |
| 650 | 0 | 4 |
_aTraumatología _925860 |
| 942 |
_cLIBRO _a15 _e1 _mB191t _2NLM _hQT 261 _n0 |
||
| 999 |
_c52679 _d52679 |
||